000 00609nam a2200157Ia 4500
005 20241029013918.0
008 240331s9999 xx 000 0 und d
020 _a8170461383
082 _bDEV
_a823
100 _aDevi , M
245 0 _aRudali :
_bfrom fiction to performance
260 _aCalcutta
_bSeagull Books Private Limited
_c1997
300 _a156 p .,
500 _a" Rudali" is a powerful short story written by Mahasweta Devi. Revolving around the life of sanichari, a poor, low caste village woman, it is an acidly ironic tale of exploitation and struggle, and above all, of survival
942 _cL
999 _c5530
_d5530